Normal view MARC view
  • Moreno Guerrero, Antonio José

Entry Nombre Personal

Number of records used in: 2

001 - NUMERO DE CONTROL

  • campo de control: 46520

003 - IDENTIFICADOR DE NUMERO DE CONTROL

  • campo de control: UPN

005 - FECHA Y HORA DE LA ÜLTIMA TRANSACCIÓN

  • campo de control: 20220920091837.0

008 - DATOS DE LONGITUD FIJA

  • campo de control de longitud fija: 220920|| acnnnaabn | a|a d

024 ## - OTROS IDENTIFICADORES NORMALIZADOS

  • Fuente: orcid
  • Número normalizado o código: 0000-0003-3191-2048

040 ## - FUENTE DE CATALOGACIÓN

  • Agencia original de catalogación: MX-MxUPN

100 1# - ENCABEZAMIENTO - NOMBRE PERSONAL

  • Nombre personal: Moreno Guerrero, Antonio José

370 ## - LUGAR ASOCIADO

  • Associated country: España

371 ## - DIRECCIÓN

  • Electronic mail address: ajmoreno@ugr.es

372 ## - CAMPO DE ACTIVIDAD

  • Field of activity: Ciencias sociales
  • Field of activity: Psicopedagogía, Informática Educativa, Metodologías activas en educación, Innovación educativa a través de recursos TIC
  • Field of activity: Docencia

373 ## - GRUPO ASOCIADO

  • Associated group: Universidad de Granada (España). Facultad de Educación, Economía y Tecnología de Ceuta. Departamento de Didáctica y Organización Escolar. Campus de Ceuta

374 ## - OCUPACIÓN

  • Occupation: Psicopedagogo
  • Occupation: Profesor universitario

375 ## - GÉNERO

  • Gender: femenino

377 ## - LENGUA ASOCIADA

  • Language code: spa

400 1# - VEÁSE - NOMBRE DE PERSONA

  • Personal name: Moreno-Guerrero, Antonio José

400 1# - VEÁSE - NOMBRE DE PERSONA

  • Personal name: Moreno-Guerrero, Antonio J.

670 ## - FUENTE EN LA QUE SE LOCALIZARON DATOS

  • Cita de la fuente: En recurso en línea Alteridad : revista de educación, Vol. 15, no. 1 (2020):
  • Información localizada: página 47 (Antonio José Moreno Guerrero)
  • Uniform Resource Identifier: https://alteridad.ups.edu.ec/index.php/alteridad/article/view/1.2020.04

902 ## - CATALOGADOR

  • Catalogador: RGJD/200922